Role of fenofibrate in restoring angiogenesis in diabetic and control hind limb ischemic rats

Bibliographic Details
Main Authors: Salehi, Ensieh (Author), Khazaei, Majid (Author), Rashidi, Bahman (Author)
Format: Article
Language:Slovak
English

MARC

LEADER 00000nab a2200000 a 4500
001 vtls010736791
003 SK-MaSNL
005 20260304190849.0
008 250709s2012 xo |||||||||||||||||slo|
035 |a (urnnbn)urn:nbn:sk:snk:ar-a05j1o 
035 |a (uuid)841926c2-ce83-4d2a-9122-734df0d498ca 
035 |a urn:nbn:sk:snk-ab3y43 
040 |a SNKBUCL  |b slo  |c SNKBUCL  |e AACR2 
041 0 |a eng 
044 |a xo  |c SK 
100 1 |a Salehi, Ensieh  |4 aut  |9 1522676 
245 1 0 |a Role of fenofibrate in restoring angiogenesis in diabetic and control hind limb ischemic rats  |c Ensieh Salehi, Majid Khazaei, Bahman Rashidi 
700 1 |a Khazaei, Majid  |4 aut  |9 1522677 
700 1 |a Rashidi, Bahman  |4 aut  |9 1522678 
773 0 |t General physiology and biophysics : an international journal  |g Roč. 31, č. 3 (2012), s. 255-260 
850 |a Slovenská národná knižnica 
852 |a Slovenská národná knižnica 
958 |a article1 
958 |a OND 
958 |a EUIPO 
999 |c 3051646  |d 3053576